000 00629nam a2200229Ia 4500
003 OSt
005 20220928114900.0
006 a|||||r|||| 00| 0
007 ta
008 220927b |||||||| |||| 00| 0 eng d
024 _a40026
037 _cTextual
040 _aSDCL
_cSDCL
_beng
041 _2eng
_aeng
082 _aXM2.592'P, P2
100 _aHann C M Ed.
_9441944
245 0 _aPostsocialism
_b Ideals, ideologies and practices in eurasia
260 _aLondon
_bRoutledge
_c2002
300 _ax,345p
_ccm.
942 _hXM2.592'P, P2
_cTEXL
_2CC
999 _c757296
_d757296